000
00348cam a2200133 4500
008
160412n 000 0 eng u
020
_a
7989970204007
035
_a
(Sirsi) a195838
110
_a
245
_a
Pallitive Care/Downing Julia... et al
260
_a
kampala:African Palliative Care,2011.
300
_a
85pages
700
_a
Julia Dowing
999
_c
36954
_d
36954